[Event "European Chess Club Cup 2023"]
[Site "Durres, Albania"]
[Date "2023.10.01"]
[Round "1.76"]
[White "Gokerkan, Cem Kaan"]
[Black "Bjorgvinsson, Andri Freyr"]
[Result "1-0"]
[TimeControl "90' + 30' & 30\""]
[WhiteElo "2515"]
[BlackElo "2111"]

1. Nf3 {[%clk 01:30:55]} {[%emt 18:29:49]} c5 {[%clk 01:29:51]} 2. g3 {[%clk
01:29:16]} {[%emt 00:03:18]} Nc6 {[%clk 01:29:47]} 3. Bg2 {[%clk 01:29:11]}
{[%emt 00:01:10]} g6 {[%clk 01:27:56]} 4. c4 {[%clk 01:26:50]} {[%emt
00:05:20]} Bg7 {[%clk 01:27:47]} 5. Nc3 {[%clk 01:27:15]} {[%emt 00:00:35]} e5
{[%clk 01:27:24]} 6. d3 {[%clk 01:26:33]} {[%emt 00:02:05]} Nge7 {[%clk
01:27:01]} 7. Nd2 {[%clk 01:12:26]} {[%emt 00:15:30]} d6 {[%clk 01:23:42]} 8.
Nf1 {[%clk 01:12:06]} {[%emt 00:04:39]} Be6 {[%clk 01:16:26]} 9. Ne3 {[%clk
01:12:01]} {[%emt 00:08:21]} O-O {[%clk 01:15:38]} 10. Ned5 {[%clk 01:11:41]}
{[%emt 00:02:08]} Qd7 {[%clk 01:06:03]} 11. h4 {[%clk 01:10:34]} {[%emt
00:11:43]} h5 {[%clk 01:01:09]} 12. Rb1 {[%clk 01:07:31]} {[%emt 00:08:56]} f5
{[%clk 00:57:50]} 13. Bg5 {[%clk 01:06:53]} {[%emt 00:04:57]} Rae8 {[%clk
00:47:19]} 14. a3 {[%clk 01:06:12]} {[%emt 00:12:11]} f4 {[%clk 00:39:13]} 15.
gxf4 {[%clk 01:02:45]} {[%emt 00:12:34]} exf4 {[%clk 00:39:20]} 16. Nxf4 {[%clk
01:02:56]} {[%emt 00:00:42]} Bg4 {[%clk 00:37:20]} 17. f3 {[%clk 00:56:31]}
{[%emt 00:09:26]} Be5 {[%clk 00:35:00]} 18. Qd2 {[%clk 00:55:04]} {[%emt
00:04:46]} Nd4 {[%clk 00:14:50]} 19. fxg4 {[%clk 00:35:41]} {[%emt 00:40:34]}
Qxg4 {[%clk 00:15:08]} 20. O-O {[%clk 00:31:13]} {[%emt 00:05:09]} Nb3 {[%clk
00:11:44]} 21. Qd1 {[%clk 00:30:45]} {[%emt 00:04:53]} Bxf4 {[%clk 00:11:57]}
22. Bxf4 {[%clk 00:26:21]} {[%emt 00:05:10]} Rxf4 {[%clk 00:12:06]} 23. Qxb3
{[%clk 00:26:48]} {[%emt 00:00:25]} Rxf1+ {[%clk 00:11:07]} 24. Rxf1 {[%clk
00:26:48]} Qd4+ {[%clk 00:11:07]} 25. Rf2 {[%clk 00:26:48]} Rf8 {[%clk
00:11:07]} 26. Ne4 {[%clk 00:26:48]} Rxf2 {[%clk 00:11:07]} 27. Nxf2 {[%clk
00:26:48]} Qxh4 {[%clk 00:11:07]} 28. Qc3 {[%clk 00:24:54]} {[%emt 00:09:56]}
b6 {[%clk 00:09:40]} 29. e4 {[%clk 00:24:54]} {[%emt 00:00:24]} Nc6 {[%clk
00:09:48]} 30. Qd2 {[%clk 00:24:55]} {[%emt 00:00:50]} Nd4 {[%clk 00:09:54]} 31.
Qe3 {[%clk 00:24:42]} {[%emt 00:01:07]} Qf6 {[%clk 00:09:47]} 32. b4 {[%clk
00:24:42]} g5 {[%clk 00:09:47]} 33. bxc5 {[%clk 00:24:42]} bxc5 {[%clk
00:09:47]} 34. e5 {[%clk 00:24:42]} dxe5 {[%clk 00:09:47]} 35. Ne4 {[%clk
00:24:42]} Qf4 36. Qxf4 {[%clk 00:22:01]} Ne2+ {[%clk 00:06:14]} {[%emt
00:01:17]} 37. Kf2 {[%clk 00:22:10]} {[%emt 00:00:22]} Nxf4 {[%clk 00:06:38]}
{[%emt 00:00:06]} 38. Nxg5 {[%clk 00:22:36]} {[%emt 00:00:04]} Nxd3+ {[%clk
00:06:55]} {[%emt 00:00:12]} 39. Ke3 {[%clk 00:23:02]} {[%emt 00:00:04]} Nf4
{[%clk 00:06:19]} {[%emt 00:01:05]} 40. Bb7 {[%clk 00:14:40]} {[%emt 00:08:53]}
Kg7 {[%clk 00:06:09]} {[%emt 00:00:41]} 41. Ne4 {[%clk 00:14:54]} {[%emt
00:00:15]} Ne6 {[%clk 00:05:43]} {[%emt 00:00:56]} 42. Bc8 {[%clk 00:10:53]}
{[%emt 00:04:31]} Nd4 {[%clk 00:05:14]} {[%emt 00:00:59]} 43. Kd3 {[%clk
00:11:20]} {[%emt 00:00:03]} 1-0

[Event "European Chess Club Cup 2023"]
[Site "Durres, Albania"]
[Date "2023.10.01"]
[Round "1.77"]
[White "Karlsson, Mikael Johann"]
[Black "Kilic, Eray"]
[Result "0-1"]
[TimeControl "90' + 30' & 30\""]
[WhiteElo "2121"]
[BlackElo "2432"]

1. c4 {[%clk 01:30:58]} e5 {[%clk 01:30:51]} {[%emt 00:00:09]} 2. g3 {[%clk
01:31:25]} {[%emt 00:00:03]} h5 {[%clk 01:31:17]} {[%emt 00:00:04]} 3. h4
{[%clk 01:30:02]} {[%emt 00:01:56]} Nc6 {[%clk 01:31:44]} 4. Bg2 {[%clk
01:30:25]} {[%emt 00:00:07]} Bc5 {[%clk 01:32:10]} {[%emt 00:00:03]} 5. Nc3
{[%clk 01:30:36]} {[%emt 00:00:20]} d6 {[%clk 01:32:34]} {[%emt 00:00:06]} 6.
e3 {[%clk 01:30:12]} {[%emt 00:00:54]} Bg4 {[%clk 01:32:57]} {[%emt 00:00:07]}
7. Nge2 {[%clk 01:30:34]} {[%emt 00:00:08]} Nf6 {[%clk 01:31:27]} {[%emt
00:02:02]} 8. a3 {[%clk 01:26:49]} {[%emt 00:04:20]} a5 {[%clk 01:25:24]}
{[%emt 00:06:25]} 9. Qa4 {[%clk 01:27:01]} {[%emt 00:00:18]} O-O {[%clk
01:24:24]} {[%emt 00:01:30]} 10. Bxc6 {[%clk 01:19:52]} {[%emt 00:07:39]} bxc6
{[%clk 01:24:52]} {[%emt 00:00:02]} 11. Qxc6 {[%clk 01:20:17]} {[%emt
00:00:05]} e4 {[%clk 01:25:19]} {[%emt 00:00:03]} 12. Nd5 {[%clk 01:19:41]}
{[%emt 00:01:06]} Nxd5 {[%clk 01:13:07]} {[%emt 00:12:42]} 13. Qxd5 {[%clk
01:20:00]} {[%emt 00:00:11]} Re8 {[%clk 01:13:26]} {[%emt 00:00:11]} 14. d4
{[%clk 01:14:56]} {[%emt 00:05:34]} exd3 {[%clk 01:13:51]} {[%emt 00:00:04]} 15.
Qxd3 {[%clk 01:15:21]} {[%emt 00:00:06]} Qf6 {[%clk 01:10:54]} {[%emt
00:03:26]} 16. Nf4 {[%clk 01:10:48]} {[%emt 00:05:03]} Bf3 {[%clk 01:05:50]}
{[%emt 00:05:35]} 17. Nd5 {[%clk 01:00:19]} {[%emt 00:10:59]} Qd8 {[%clk
01:04:43]} {[%emt 00:01:36]} 18. Rg1 {[%clk 00:49:25]} {[%emt 00:11:25]} c6
{[%clk 01:05:07]} {[%emt 00:00:07]} 19. Nf4 {[%clk 00:47:21]} {[%emt 00:02:33]}
Rb8 {[%clk 01:03:04]} {[%emt 00:02:33]} 20. Qf5 {[%clk 00:43:47]} {[%emt
00:04:04]} Re5 {[%clk 01:02:49]} {[%emt 00:00:44]} 21. Qc2 {[%clk 00:44:12]}
{[%emt 00:00:05]} Qf6 {[%clk 00:57:38]} {[%emt 00:05:42]} 22. b4 {[%clk
00:27:42]} {[%emt 00:17:00]} axb4 {[%clk 00:55:24]} {[%emt 00:02:43]} 23. axb4
{[%clk 00:24:07]} {[%emt 00:04:06]} Bxb4+ {[%clk 00:55:48]} {[%emt 00:00:05]}
24. Bd2 {[%clk 00:24:27]} {[%emt 00:00:10]} Rd5 {[%clk 00:56:07]} {[%emt
00:00:16]} 25. Rb1 {[%clk 00:23:40]} {[%emt 00:01:14]} Rxd2 {[%clk 00:56:19]}
{[%emt 00:00:17]} 0-1